Coronelismo : the municipality and representative government in Brazil /

Saved in:
Bibliografiske detaljer
Hovedforfatter: Leal, Victor Nunes
Format: Bog
Sprog:English
Udgivet: Cambridge ; New York : Cambridge University Press, 1977.
Serier:Cambridge Latin American studies ; 28
Fag:
LEADER 01241nam a2200313 i 4500
001 c000329350
003 CARM
005 00000000000000.0
008 761109s1977 enk b 00010 eng
019 1 |a 774618  |5 LACONCORD2021 
020 |a 0521214882 
035 |a (OCoLC)2614180  |5 LACONCORD2021 
041 1 |a engpor 
043 |a s-bl--- 
050 0 0 |a JS2405  |b .L413 
100 1 |a Leal, Victor Nunes. 
240 1 0 |a Coronelismo, enxada e voto.  |l English 
245 1 0 |a Coronelismo :  |b the municipality and representative government in Brazil /  |c Victor Nunes Leal ; translated by June Henfrey ; with an introd. by Alberto Venancio Filho. 
260 |a Cambridge ;  |a New York :  |b Cambridge University Press,  |c 1977. 
300 |a xvi, 237 p. ;  |c 23 cm. 
490 0 |a Cambridge Latin American studies ;  |v 28 
500 |a Translation of Coronelismo, enxada e voto. 
504 |a Bibliography: p. 230-237. 
650 0 |a Municipal government  |z Brazil. 
650 0 |a Elections  |z Brazil. 
852 8 |b CARM  |h A1:AO03F0  |i B08055  |p 0357316  |f BK 
082 0 4 |a 320.9/81 
999 f f |i 64b8a83a-c06e-5475-a875-c4f6bdaaa5ed  |s e16f953c-1bce-5ead-a121-81e0489283ef 
952 f f |p Can circulate  |a CAVAL  |b CAVAL  |c CAVAL  |d CARM 1 Store  |e B08055  |f A1:AO03F0  |h Other scheme  |i book  |m 0357316